| 000 | 00530nam a2200217Ia 4500 | ||
|---|---|---|---|
| 003 | OSt | ||
| 005 | 20230516124715.0 | ||
| 008 | 210423s2011 xx 000 0 und d | ||
| 020 | _a9783527320769 | ||
| 040 | _cAL | ||
| 041 | _aeng | ||
| 082 |
_a574.1925028 _223 _b BISH |
||
| 100 |
_aBISSWANGER (Hans). _9105193 |
||
| 245 | _aPractical enzymology. | ||
| 250 | _a2 | ||
| 260 |
_aNew Delhi _bWiley- Blackwell _c2011 |
||
| 300 |
_axvi,360 _bPB |
||
| 365 |
_b4727 _cINR |
||
| 906 | _aenzymology. ; Practical | ||
| 942 |
_2ddc _cBK |
||
| 999 |
_c164484 _d164484 |
||